000 01022nam a2200253 a 4500
001 BRCA_8971
005 20190320210457.0
008 060717s1786----sp-#######---#000-0#spa-#
041 _aspa
044 _asp
084 _aBE162
_b.F74 1786
100 1 _aFrey de Neuville, Carlos
_922278
245 1 0 _aSermones del P. Carlos Frey de Neuville predicador de Luis XV, Rey de Francia
_ctraducidos del francés por D. Juan Antonio Pellicer de la Real Biblioteca.
260 _aMadrid
_bPor Don Blas Roman Impresor de la Real academia de Derecho Español y Publico
_c1786
300 _a339 p. (t.5)
_c21.8 x 15.8 cm
500 _aCon las licencias necesarias
500 _aEstado físico: presenta encuadernación en pergamino con cintas rotas
500 _aEn portada: Vendase en casa de D. Antonio Baylo calle de las Carretas
650 1 4 _aIglesia católica
_xSermones
_ySiglo XVIII
_922188
650 1 4 _aSermones
_ySiglo XVIII
_922279
700 1 _aPellicer, Juan Antonio
_etr.
_922280
902 _aCFM
942 _2lcc
_cB
999 _c8622
_d8622